[Event "Macapa IFAP op 3rd"]
[Site "Macapa"]
[Date "2019.08.03"]
[Round "2"]
[White "Da Silva, Fabio Tenorio"]
[Black "Quaresma, Givanildo Ribeiro"]
[Result "0-1"]
[WhiteElo "1738"]
[BlackElo "1588"]
[PlyCount "110"]
[EventDate "2019.08.02"]
[EventType "swiss"]
[EventRounds "5"]
[EventCountry "BRA"]
[SourceTitle "EXT 2020"]
[Source "ChessBase"]
[SourceDate "2019.10.17"]
[SourceVersion "1"]
[SourceVersionDate "2019.10.17"]
[SourceQuality "1"]

1. e4 Nc6 2. Nf3 e5 3. Bb5 Bc5 4. d3 d6 5. h3 Bd7 6. Nc3 a6 7. Bc4 Na5 8. Bd5 Ne7 9. Bg5 f6 10. Bd2 Nxd5 11. Nxd5 Nc6 12. a3 0-0 13. 0-0 Ne7 14. Ne3 Qe8 15. b4 Ba7 16. c3 Qg6 17. Kh2 Kh8 18. Nh4 Qf7 19. c4 f5 20. exf5 Nxf5 21. Nexf5 Bxf5 22. Nxf5 Qxf5 23. Be3 b6 24. d4 c5 25. dxc5 dxc5 26. bxc5 Rad8 27. Qg4 Qxg4 28. hxg4 bxc5 29. Rad1 e4 30. Rd5 Rxd5 31. cxd5 Bb8+ 32. g3 c4 33. Rc1 Rc8 34. Bd4 Kg8 35. Kg2 Bd6 36. Rc3 a5 37. f4 exf3+ 38. Kxf3 Kf7 39. Ke4 Kg6 40. Kf3 a4 41. Re3 Rf8+ 42. Kg2 Rd8 43. Re6+ Kf7 44. Re3 Rb8 45. Be5 Rb3 46. Bd4 Rxe3 47. Bxe3 Bxa3 48. Kf3 Bb2 49. Bc5 a3 50. d6 Ke6 51. Bxa3 Bxa3 52. Ke4 c3 53. Kd3 Bb4 54. d7 Kxd7 55. Kc2 Ke6 0-1